Регионална библиотека "Любен Каравелов" - Русе

Митове (Запис номер 348335)

MARC детайли
000 -Лидер
Контролно поле с фиксирана дължина 01330nam a2200361 c 4500
003 - Код на организацията, давaща контролен номер
Контролно поле BLK
005 - Дата и час на последна редакция
Контролно поле 20250616120922.0
008 - Елементи от данни с фиксирана дължина
fixed length control field 180408b bul|||||r ||||||| ||bul||
010 ## - Наследен системен номер
LC control number KNG00069194000
020 ## - Международен стандартен номер на книга ISBN
Международен стандартен номер на книга ISBN 9789543652365
040 ## - Източник на каталожния запис
Идентификатор на билиотеката - собственик на записа BLK
041 ## - Код за език
Код за езика на текст/звукозапис или на отделно заглавие Български
Код за езика КДБФ Български
080 ## - УДК
Текстов определител УДК Американска литература (на САЩ)
УДК код - определител по УДК 821.111(73)
УДК определител -312.4
УДК - код + определител 821.111(73)-312.4
100 1# - Редна дума - Автор
Автор Фрай, Стивън
Авторска отговорност първи автор
R(LIN) 292244
139 ## - Редно поле
Редна дума Фрай, Стивън
Авторски знак Фр - Ф 75
245 10 - Сведения за заглавието
Заглавие Митове
Подзаглавни данни Един нов прочит на древногръцките митове
Редно поле (дума) Стивън Фрай; прев. от англ. Боряна Джанабетска.
257 ## - Страна на издаване
Страна на създаване/издаване Съединени американски щати
260 ## - Област на издателските данни
Име на издателя, разпространителя и проч. Еднорог
Година на издаване 2019
9 (RLIN) 209519
Издателство - префикс ISBN 978-954-365- ; 954-9745-
Място на издаване, разпространение и проч. София
300 ## - Физическа характеристика
Страници 528 с.
Размери/Мащаб 20 см
380 ## - Жанр
Жанр Худож. лит.
500 ## - Общи забележки
Забележка Ориг. загл. Mythos / Steven Fry.
653 #7 - Ключова дума – ненормативна
Ключова дума древногръцки митове
9 (RLIN) 185529
653 #7 - Ключова дума – ненормативна
Ключова дума преразказ
9 (RLIN) 194458
700 ## - Други автори (авторска отговорност)
Лично име Джанабетска, Боряна Ангелова, 1957-
9 (RLIN) 364686
856 4# - Електронен адрес и достъп
Електронен формат pdf - файл
856 4# - Електронен адрес и достъп
Електронен формат pdf - файл
999 ## - СИСТЕМНИ КОНТРОЛНИ НОМЕРА
Koha biblionumber 348335
Koha biblioitemnumber 348335
942 ## - АРТИКУЛИ
Вид на библиотечния материал Книги
Скрит в OPAC Не
Koha issues (borrowed), all copies 23
Периодичен библиозапис Да
944 ## - СЪЗДАВАНЕ И РЕДАКЦИЯ на ЗАПИСА
Създаване/Редакция Създаване
Дата на регистрацията/редакция 2020-01-29
Служител, извършил регистрацията/редакцията 30576
Статус, дата на статуса Цветомила Тодорова
944 ## - СЪЗДАВАНЕ И РЕДАКЦИЯ на ЗАПИСА
Създаване/Редакция Редакция
Дата на регистрацията/редакция 2020-01-29
999 ## - СИСТЕМНИ КОНТРОЛНИ НОМЕРА
Koha biblioitemnumber 348335
999 ## - СИСТЕМНИ КОНТРОЛНИ НОМЕРА
Koha biblioitemnumber 348335
999 ## - СИСТЕМНИ КОНТРОЛНИ НОМЕРА
Koha biblioitemnumber 64922
Наличности
Код за отписване Код за изгубен артикул Източник на класификационната схема Код за повреда Коз за рестрикции Код за отдаване Артикулен № Име на библиотеката - собственик Име на библиотеката, в която се намира в момента Статус (Текущо местоположение) Дата на вписване в системата Местоположение - отдел Цена в лева Систематично азбучна сигнатура Баркод Цена в евро Служебен тип на артикула
  Не е изгубен Universal Decimal Classification Не е повреден без рестрикции заемане за дома 754985 Регионална библиотека "Любен Каравелов" Русе Регионална библиотека "Любен Каравелов" Русе Заемна - подръчен фонд 2020-01-31 Заемна - подръчен фонд 18.74 П 820(73)-31/Ф 75 120000842122 9.58 Книги
  Не е изгубен Universal Decimal Classification Не е повреден без рестрикции заемане за дома 800258 Регионална библиотека "Любен Каравелов" Русе Регионална библиотека "Любен Каравелов" Русе Заемна - подръчен фонд 2020-09-21 Заемна - подръчен фонд 15.00 821-31/Ф 75 С 120000847602 7.67 Книги
  Не е изгубен Universal Decimal Classification Не е повреден само за читалня ползва се в читалня 845107 Регионална библиотека "Любен Каравелов" Русе Регионална библиотека "Любен Каравелов" Русе Хранилище 2021-07-28 Хранилище 25.00 Цб 308311 120000858201 12.78 Книги
Vip Innovations Ltd, Rousse, Bulgaria 2025